000 00284nas a2200121Ia 4500
008 230918c99999999xx |||||||||||| ||und||
040 _aMAIN
041 _aEnglish
245 0 _aAl-Tawhid
260 _bThe Islamic Propagation Organisation, Tehran
500 _aTehran
942 _cBV
999 _c234256
_d234256